000 00315nam a22001337a 4500
020 _a9789350140499
082 _a621.3815 GUP
100 _aGupta , J.B.
245 _aElements of Analog Electronics
260 _aNew Delhi
_bS.K Kataria & sons
_c2010
300 _a460 p.
700 _a J.B.Gupta
942 _cBK
999 _c490584
_d490584